Normal view
MARC view
Entry Término temático
001 - NÚMERO DE CONTROL
- campo de control: 233715
003 - IDENTIFICADOR DE NÚMERO DE CONTROL
- campo de control: ES-MaACL
005 - FECHA Y HORA DE LA ÚLTIMA TRANSACCIÓN
- campo de control: 20240524144351.0
008 - ELEMENTOS DE DATO DE LONGITUD-FIJA
- campo de control de longitud fija: 230713|| aca||aabn | a|a d
040 ## - FUENTE DE CATALOGACIÓN
- Centro catalogador/agencia de origen: ES-MaACL
- Centro/agencia transcriptor: ES-MaACL
150 ## - ENCABEZAMIENTO--TÉRMINO DE MATERIA
- Término de materia o nombre geográfico como elemento de entrada: Literatura italiana-
- Subdivisión general: Traducciones al español-
- Subdivisión de forma: Bibliografías
670 ## - FUENTE DE DATOS ENCONTRADOS
- Cita de la fuente: Work cat.: (ES-MaACL)192972: Grespi, Giuseppina XX1452367 233714, Traducciones castellanas de obras latinas e italianas contenidas en manuscritos del siglo XV en las bibliotecas de Madrid y El Escorial /, 2004.
